| 000 | 00454cam a2200181ua 4500 | ||
|---|---|---|---|
| 020 | _c16.50 | ||
| 041 |
_aeng _h |
||
| 082 |
_a537 _bKHA/TE |
||
| 100 | _aKhare, N.S . | ||
| 245 |
_aText book of magnetism and electricity / _cN.S.Khare. _hTextual Documents |
||
| 260 |
_aNew Delhi : _bAtmaram and Sons , _c1967. |
||
| 300 | _a697 ; . | ||
| 365 | _a16.50 | ||
| 504 | _a | ||
| 700 | 1 | _aSrivastava, S.S . | |
| 942 | _cBK | ||
| 999 |
_c11107 _d11107 |
||